| 000 | 00722nam a2200193 a 4500 | ||
|---|---|---|---|
| 003 | 0 | ||
| 005 | 20250317105722.0 | ||
| 008 | 080923s19uu xx 00 eng d | ||
| 050 |
_aPHS HQ 755.8 _b.C11 2008 |
||
| 100 | _aCabasal, Lois Dianne S. | ||
| 245 |
_aPreferential parental treatment and its effects on the self-efficacy of grade 11 students / _cLois Dianne S. Cabasal. |
||
| 260 |
_aLas PiƱas City, Philippines : _bSouthville International School and Colleges, _c2008. |
||
| 300 |
_a29 pages : _billustrations ; _c28 cm. |
||
| 504 | _aIncludes bibliographical references. | ||
| 650 | _aParent and child. | ||
| 650 | _aSelf-efficacy. | ||
| 650 |
_aFamily relationships _xPsychological aspects. |
||
| 942 |
_2lcc _cPASS |
||
| 999 |
_c98107 _d98107 |
||